| 000 | 00712nam a2200193Ia 4500 | ||
|---|---|---|---|
| 003 | GCL | ||
| 008 | 140319s9999 xx 000 0 ara d | ||
| 040 |
_aGCL / _cGCL |
||
| 082 | 0 | 4 |
_a327.3 _bد ث |
| 100 | 1 | _aدعد بو ملهب عطا الله | |
| 245 | 1 | 0 |
_aالثنائية الدولية والعالم المعاصر مابين 1945و 1990 ( دراسة تاريخية سياسية جيوسياسية) / _cدعد بو ملهب عطا الله |
| 260 |
_a[S.N] : _bمكتبة لبنان ، _c1991 |
||
| 300 | _a492 ص | ||
| 490 | _a | ||
| 650 | 0 | 4 | _aالسياسة الدولية |
| 650 | 0 | 4 | _aالعلاقات الخارجية |
| 650 | 0 | 4 | _aالنظام العالمى الحديث |
| 942 |
_2ddc _cBK |
||
| 999 |
_c37485 _d37485 |
||